Statistiques concernant Pays les plus proches de Cameroun (avec une carte)

Cliquez ici pour prendre le quiz!

Statistiques générales

  • Ce quiz a été pris 196 fois
  • Le résultat moyen est 16 sur 20

Réponses sur la Carte

Les réponses sont colorées sur une échelle allant du rouge au vert en fonction du pourcentage des utilisateurs qui les ont devinées à leur premier essai. Vous pouvez retrouver ces pourcentages ci-dessous.
 

Statistiques - réponses

pays% Correct
Niger
97%
Rép dém Congo
97%
Congo
96%
Nigeria
96%
Gabon
94%
République
Centrafricaine
93%
Tchad
93%
Guinée équatoriale
90%
Bénin
88%
Togo
88%
Ghana
81%
Burkina Faso
76%
Soudan
75%
Angola
74%
Côte d'Ivoire
70%
Soudan du Sud
70%
Mali
64%
Sao Tomé-et-Principe
63%
Algérie
51%
Libye
47%

Distribution des résultats

Percentile par nombre de réponses

% des personnes avec chaque résultat

Votre développement - résultats

Vous n’avez pas pris ce quiz